000 00546nam a22001577a 4500
008 170308b xxu||||| |||| 00| 0 eng d
020 _a9780619159825
050 _aQA76.76.J38
_bS36 2003
100 _aScholl, Judy
245 _aJava programming :
_bfrom problem analysis to program design /
_cJudy Scholl
260 _aBoston :
_bCourse Technology/Thomson Learning,
_c2003
300 _aix, 326p. :
_bill. ;
_c28cm.
500 _aIncludes bibliographical references and index.
650 _a Java (Computer program language)
942 _2lcc
_cBK
999 _c49186
_d49186